[Event "Alushta"]
[Site "Alushta"]
[Date "1999.03.09"]
[Round "7"]
[White "Korotylev, Alexey"]
[Black "Atalik, Suat"]
[Result "0-1"]
[WhiteElo "2440"]
[BlackElo "2593"]
[Annotator "Krasenkow,M"]
[PlyCount "102"]
[EventDate "1999.03.03"]
[EventType "tourn"]
[EventRounds "11"]
[EventCountry "UKR"]
[EventCategory "10"]
[SourceTitle "CBM 070"]
[Source "ChessBase"]
[SourceDate "1999.06.08"]
[SourceVersion "1"]
[SourceVersionDate "1999.06.08"]
[SourceQuality "1"]

1. d4 {Atalik} Nf6 2. c4 g6 3. Nc3 d5 4. cxd5 Nxd5 5. e4 Nxc3 6. bxc3 Bg7 7.
Bb5+ c6 8. Ba4 O-O 9. Ne2 c5 10. O-O Nc6 11. Be3 Na5 12. Rb1 {This is not more
harmful than} (12. dxc5) 12... b6 $1 {[%cal Yc8a6]} (12... cxd4 13. cxd4 b6 14.
d5 e6 15. Bd2 $1 Ba6 16. Bb4 exd5 17. exd5 Bc4 18. Bxf8 Bxf8 19. Rb2 Qxd5 20.
Qxd5 Bxd5 21. Rd1 Bc4 22. Nc1 $16 {1-0 Dautov,R-Labunsky,D/USSR Armed
forces-chT/Leningrad/1989 (41)}) (12... Nc4 {is premature:} 13. Bg5 Qc7 (13...
h6 14. Bh4 b6 15. Bc6 Rb8 16. Bd5 Ba6 17. Qd3 b5 18. a4 cxd4 19. Nxd4 Bxd4 20.
cxd4 Nd6 21. Rfc1 $16 {Topalov,V-Svidler,P/Linares 1998/1/2-1/2 (42)}) 14. Qc1
(14. Qd3 Na3 15. Rb2 Qa5 16. Bd1 cxd4 17. Bxe7 Re8 18. Bb4 Qb5 19. Bc2 $13 {
1-0 Dyachkov,S-Yandemirov,V/Orel 1995 (47)}) 14... Rd8 15. Rd1 b6 16. Bb5 Na5
17. Qe3 $14 {1-0 Leskiewicz,M-Kosmac,B/World Junior Ch 1998 (30)}) (12... Bd7
13. Bxd7 Qxd7 14. dxc5 $14) 13. Bb5 {A new attempt to control the c4 square
but Black develops his pieces and obtains a good position. 'N!?' Atalik.} (13.
dxc5 Ba6 $1 14. Bb5 Bxb5 15. Rxb5 Nc4 16. Bg5 (16. Bf4 e5 17. Bc1 a6 18. Rb4 b5
19. a4 Rb8 20. axb5 axb5 21. Qc2 Qc7 22. Rd1 Rfd8 23. Rxd8+ Rxd8 24. Bg5 f6 25.
Be3 Nxe3 26. fxe3 Qxc5 $17 {0-1 Gleizerov,E-Konguvel,P/MK Cafe Cup 1998 (37)})
16... h6 17. Qxd8 Rfxd8 18. Bxe7 Re8 19. Rb4 Ne5 20. Bd6 Nd3 21. Ra4 b5 22. Ra6
Rxe4 23. Nc1 Nb2 24. c6 Re6 25. Bb4 Rc8 26. Rxa7 Rexc6 27. Rb7 Bxc3 28. Rxb5
Bxb4 29. Rxb4 Rc2 30. h4 Nc4 31. Re1 Nd6 32. Nd3 {1/2-1/2 Arencibia,W-Shirov,A/
Spanish Teams 1998}) 13... Bb7 (13... cxd4 $6 {Atalik} 14. cxd4 Bb7 15. d5 $14)
14. f3 (14. d5 {Atalik} e6 $1 15. dxe6 fxe6 $132) 14... cxd4 15. cxd4 e6 16.
Rc1 (16. Qa4 a6 17. Bd3 b5) (16. Qd2 $1 Qe7 17. Rfc1 (17. Bh6 {Atalik} Bxh6 18.
Qxh6 Rfc8)) 16... Qe7 17. Qd2 Rfc8 (17... Rfd8 {Atalik} 18. Bg5 $1 f6 19. Be3)
18. Rxc8+ $6 {White wants to simplify the position and arrive to a draw but
manages to complete the first part of his task.} (18. Bg5 Qa3 19. d5 exd5 20.
exd5 Rc5 $1 21. Be7 Rxd5 22. Qxd5 Qe3+ $19) (18. Qb2 $5) (18. Rfd1 $142 {Atalik
}) 18... Rxc8 19. Rc1 Rxc1+ 20. Qxc1 Qb4 {'-/+!' Atalik.} 21. Bd3 Nc6 22. e5 ({
I guess, White played this without great pleasure but after} 22. a3 Qa5 {
[%cal Yg7f8]} 23. Qa1 b5 {his position is ugly.}) 22... Ne7 23. Be4 (23. Bd2 {
Atalik} Qa4) (23. a3 {Atalik} Qa5 $1 (23... Qa4 $2 24. Qc7 $1 $18) 24. Bd2 Qa4
$17) 23... Nd5 24. Bd2 {Atalik: 'Here white has offered a draw.'} Qa4 25. Qc2 (
25. Bxd5 {Atalik} exd5 $1) 25... Qd7 {White not exchange queens?! It's
difficult to win the endgame but presence of queens gives White additional
counter-chances.} 26. h4 $6 {But this is what Black was waiting for.} (26. Qb3
$5 Ba6 27. Nc3) 26... Ba6 27. Ng3 f5 $1 (27... f6 $5 {Atalik} 28. Qb2 $1 (28.
f4 $6 f5)) 28. exf6 (28. Bxd5 {Atalik} Qxd5 $17) (28. Bd3 {Atalik} Bxd3 $1 (
28... Nb4 $5 29. Bxb4 Qxd4+ 30. Kh2 Qxh4+ 31. Kg1 Qd4+ 32. Kh2 Qxb4 $1 (32...
Qxd3 33. Qc6 h6 34. Qxe6+ Kh7 35. Bd6 Bc4 36. Qe7 $132) 33. Bxa6 Qh4+ 34. Kg1
Bxe5 35. Qc8+ Kg7 36. Qd7+ Kh6 37. f4 Qxf4 38. Ne2 Qh2+ $17) 29. Qxd3 Qa4 $17)
28... Bxf6 {This is the point - two pawns are hanging!} 29. Bg5 (29. h5 $5
Bxd4+ 30. Kh2 Qe7 31. Kh3 {with some counterplay.}) (29. Bxg6 {Atalik} Qg7 $1
$19) 29... Bxd4+ (29... Nb4 $6 {Atalik} 30. Qb3 Bxg5 31. hxg5 Qxd4+ 32. Kh2 Nd5
33. Qa3 $132) 30. Kh2 Be5 (30... Ne3 $6 {Atalik} 31. Qd2 Nf1+ (31... Nf5 $2 32.
Bxf5 exf5 33. Be3 f4 34. Bxd4 $11) 32. Nxf1 Bxf1 33. Qf4 $15) 31. Bxg6 {
This blow is not dangerous.} Qg7 $1 {'??' Atalik. Atalik: 'Here I got confused
with the same sacrifice which could have happened earlier.'} (31... hxg6 32.
Qxg6+ Kf8 (32... Bg7 {Atalik} 33. h5 Qf7 $19) 33. f4 (33. Bh6+ Ke7 34. f4 $44)
33... Bg7 34. Nh5 $132) (31... Bxg3+ 32. Kxg3 hxg6 33. Qxg6+ Kf8 34. Qh6+ $11)
32. Be4 {'?!' Atalik.} (32. Qa4 {Atalik} hxg6 33. f4 $1 (33. Qxa6 $2 Qc7 34. f4
Nxf4 $19) 33... Nxf4 (33... Bc7 $6 34. Qxa6 Nxf4 35. Qc8+ Kh7 36. Bxf4 Bxf4 37.
Qxe6 Qc7 38. Qg4 b5 39. Kh3 Bxg3 40. Qxg3 Qxg3+ 41. Kxg3 b4 42. Kf4 a5 43. Ke3
a4 44. Kd3 g5 $11) 34. Bxf4 Bxf4 35. Qxf4 $15) 32... h6 {'!' Atalik.} (32...
Bxg3+ $6 {Atalik} 33. Kxg3 h6 34. Bxd5 $1 (34. Qc6 $2 Nc7 35. Qd6 Bb5 $19)
34... exd5 35. Qc6 hxg5 36. Qxd5+ Qf7 37. Qxg5+ (37. Qd8+ Kh7 38. hxg5 Kg6 $1
$36) 37... Qg7 38. Qxg7+ Kxg7 39. Kf4 Bf1 (39... Bc4 40. a3 a5 41. Ke3) 40. g4
b5 41. a3 a5 42. Ke3 a4 43. Kd2 Bg2 44. f4 Bf3 45. g5 Kg6 46. Kc3 $11) 33. Bxd5
{'!' Atalik.} exd5 34. f4 (34. Qa4 hxg5 35. Qe8+ (35. Qxa6 Qc7) 35... Kh7 36.
Qh5+ Qh6 37. Qf7+ Bg7 $19) 34... hxg5 35. fxe5 gxh4 36. Nf5 Qxe5+ 37. Kh3 {
In this endgame White has good drawing chances as his Q+N combination is quite
strong. Black should try to push his pawn and at the same time remove his king
to the other (safer) side.} d4 38. Kxh4 {'!' Atalik.} (38. Qb3+ Kf8 39. Qa3+
Ke8 40. Qxa6 Qxf5+ 41. Kxh4 d3 $19 {_|_}) (38. Nxh4 {Atalik} Qe6+ 39. Kg3 d3
$19) 38... Qf6+ $6 {It is not wise to decentralize the queen.} (38... d3 $5 39.
Qb3+ Kf8 40. Qa3+ (40. Kg5 $5 Ke8 $1) 40... Ke8 {and Black should win}) 39. Kg4
{'?' Atalik.} (39. Kh3 $1 {Atalik} d3 40. Qb3+ Kf8 41. g4 Qh8+ 42. Kg3 Qe5+ 43.
Kh4 $132 Qe1+ $140 44. Kg5 d2 45. Kf6 Ke8 46. Qg8+ Kd7 47. Qd5+ Kc7 48. Qd6+
Kb7 49. Qd7+ Kb8 50. Qd6+ $11) 39... d3 40. Qb3+ (40. Qc7 $1 d2 41. Qb8+ Qf8 (
41... Kh7 42. Qh2+) (41... Kf7 42. Qxa7+ Kg6 43. Nh4+ Kh6 44. Nf5+ $11) 42.
Nh6+ Kh7 43. Qxf8 d1=Q+ 44. Kg5 $3 (44. Kg3 Qe1+ 45. Kh2 (45. Kg4 Qe4+ 46. Kg3
Qe3+) 45... Qh4+ 46. Kg1 Qxh6 47. Qf7+ Qg7 48. Qh5+ Kg8 49. Qe8+ Qf8 50. Qg6+
Kh8 51. Qh5+ Kg7 52. Qg5+ Kf7 $19) 44... Qc1+ (44... Qd2+ 45. Kh5 Qe2+ 46. Ng4)
45. Kh5 Qh1+ 46. Kg5 Qxg2+ 47. Ng4 $11) 40... Kh7 {This is not the best place
for the black king.} 41. Kf4 $1 (41. Qd5 Bc8 42. Qxd3 Kg6 $19) 41... d2 (41...
Bc8 42. Qxd3 Kg6 43. Qg3+) 42. Qh3+ (42. Qd1 $5 {Atalik} Kg6 $1) 42... Kg8 {
'!?' Atalik. Atalik: 'To gain on the clock.'} (42... Kg6 {Atalik} 43. Qh6+ Kf7
$19) 43. Qg3+ $2 {A bad slip.} (43. Qb3+ $1 Kf8 (43... Qf7 44. Qg3+ Kf8 45.
Qa3+ {'=' Atalik.} Ke8 46. Qe3+ $11) (43... Kh7 {Atalik} 44. Qh3+ Kg6 45. Qg3+
Kf7 46. Qb3+ Qe6 {just transposes to the game continuation.}) 44. Qb4+ $11)
43... Kf7 44. Qb3+ Qe6 {Now there is no draw anymore as the black king has
taken the right direction.} 45. Nd6+ (45. Nh6+ {Atalik} Ke7) 45... Ke7 46. Nf5+
Kd7 47. Qa4+ Kc7 {'-+' Atalik.} 48. Ne3 (48. Qc2+ {Atalik} Qc4+) 48... Qd6+ 49.
Kf3 Qd3 {'!' Atalik.} (49... Qc6+ $2 {Atalik} 50. Qxc6+ Kxc6 51. Nd1 Bc4 52. a3
$11) (49... Qf6+ {Atalik} 50. Kg3 {seems to go nowhere for black.}) 50. Kf4 (
50. Qf4+ Kc6 (50... Kc6 {Atalik} 51. Qf6+ Kc5 52. Qe5+ Kb4 53. Qb2+ Ka4 $19))
50... Kb7 51. g4 Bc4 (51... Bc4 {Atalik} 52. g5 Qd4+ 53. Kf3 Be2+ $19) 0-1

[Event "ISR-ch"]
[Site "Ramat Aviv/Modiin"]
[Date "2000.12.20"]
[Round "4"]
[White "Avrukh, Boris"]
[Black "Sutovsky, Emil"]
[Result "1/2-1/2"]
[WhiteElo "2625"]
[BlackElo "2609"]
[Annotator "Krasenkow,M"]
[PlyCount "43"]
[EventDate "2000.12.17"]
[EventType "tourn"]
[EventRounds "11"]
[EventCountry "ISR"]
[EventCategory "11"]
[SourceTitle "CBM 081"]
[Source "ChessBase"]
[SourceDate "2001.03.20"]
[SourceVersion "1"]
[SourceVersionDate "2001.03.20"]
[SourceQuality "1"]

1. d4 Nf6 2. c4 g6 3. Nc3 d5 4. cxd5 Nxd5 5. e4 Nxc3 6. bxc3 Bg7 7. Be3 c5 8.
Qd2 Qa5 9. Rb1 b6 10. Bb5+ Bd7 {*} 11. Bd3 {This continuation is less common
than} (11. Be2) {Black can now directly attack the d4 pawn.} 11... Nc6 ({
It is not good for Black to trade the queens:} 11... cxd4 12. cxd4 Nc6 13. Ne2
O-O 14. Qxa5 Nxa5 15. Kd2 {White now controls the c-file because of the Ba6
threat.} f5 16. f3 e5 $6 17. d5 f4 18. Bf2 Rfc8 19. Ba6 Rd8 20. Bh4 Rf8 21.
Rhc1 Bf6 22. Bxf6 Rxf6 23. Rc7 Rf7 24. Nc1 Be8 25. Rxf7 Kxf7 26. Nd3 Kf6 27.
Rc1 b5 28. Rc7 Nc4+ 29. Kc3 Nd6 30. Kb4 g5 31. Kc5 Rd8 32. Nxe5 Kxe5 33. Re7+
Kf6 34. Re6+ {1-0 Karpov,A-Krasenkow,M/Moscow rapid 1992/EXT 92}) (11... O-O
12. Ne2 e6 {is too slow because of} 13. h4 cxd4 (13... Nc6 $142) (13... h5 $5)
14. cxd4 Nc6 15. Qxa5 Nxa5 16. Kd2 Bc6 17. Rhc1 Rac8 18. h5 Bb7 19. g4 Rxc1 20.
Rxc1 Rc8 21. Rxc8+ Bxc8 22. h6 Bf6 23. Nc3 $14 Be7 24. d5 Kf8 25. g5 Bb7 26.
dxe6 {Atalik,S-Jelen,I/Ljubljana 1997/EXP 58/1-0 (56)}) 12. Ne2 {Protecting
the c3 pawn to prepare d4-d5 or d4xc5.} (12. Nf3 {is less logical:} O-O 13. Rc1
e6 14. d5 exd5 15. exd5 Ne5 16. Nxe5 Bxe5 17. c4 Qxd2+ 18. Kxd2 f5 19. f4 Bf6
20. Rhe1 Rfe8 21. Bf2 Kf7 22. g3 Rxe1 23. Rxe1 Re8 24. Rc1 Ke7 25. Bc2 Kd6 26.
a4 Bd4 $11 {Tunik,G-Atalik,S/Budapest GM 1992/EXT 92/1/2-1/2 (40)}) 12... O-O
13. f4 {White tries to push d4-d5 but doesn't get a chance.} (13. dxc5 {
temporarily wins a pawn but, as usually in such situations, Black obtains
sufficient counterplay as the white a2 and c3 pawns become weak:} Ne5 (13...
bxc5 14. Rb5 Qa4 15. Rxc5 Ne5 16. O-O Rfc8 17. Bc2 Qa6 18. f4 Bb5 19. fxe5 Bxe2
20. Re1 Bc4 21. Bb3 Rxc5 22. Bxc5 Bxe5 23. Bxc4 Qxc4 24. Qd5 Qxd5 25. exd5 f6
26. Bxe7 Bxc3 27. Rb1 $14 {1/2-1/2 Century-Rebel_Tiger 12.0e/Computer Chess
Match Tournament 2000 (40)}) 14. cxb6 (14. f4 $5) 14... axb6 15. O-O Qxa2 16.
Rb2 Qa3 17. Rxb6 Rfd8 18. Nd4 Nxd3 $1 $146 (18... Rac8 19. Ba6 Rb8 20. Nc2 Qa4
21. Nb4 Be8 22. Rxb8 Rxb8 23. Be2 Nc6 24. Bc5 Qb3 25. Rc1 Rd8 26. Qe3 $16 {
1-0 Hillarp Persson,T-Oral,T/33rd Olympiad men 1998 (36)}) 19. Qxd3 Rac8 20.
Rb3 Qa8 $1 21. Qb1 (21. Bg5 f6 22. Bc1 e5 23. Ra3 Qb7 $44) 21... e5 {1/2-1/2
Hillarp Persson,T-Rytshagov,M/Goeteborg 75/(420) 1999}) ({After} 13. h4 {
Black has enough time to create sufficient counterplay in the centre:} Rfd8 (
13... h5 $5 14. Rb5 (14. e5 Rad8 15. Be4 Be8 16. f4 f6 $1 {breaking down the
white centre} 17. exf6 Rxf6 18. d5 e6 19. d6 (19. c4 exd5 20. cxd5 (20. Bxd5+
Bf7) 20... Bf7 $1 $19) 19... Bf8 20. Qc2 Rxd6 $19 {Cvek,R-Kalod,R/CZE-ch 1997/
0-1 (42)}) 14... Qa4 15. Rb2 Na5 16. Bh6 Nc4 17. Bxc4 Qxc4 18. Bxg7 Kxg7 19.
O-O cxd4 20. cxd4 Rac8 21. Nf4 $1 Rfd8 22. Nxh5+ gxh5 23. Qg5+ Kf8 24. Qh6+ Kg8
25. Qg5+ Kf8 {1/2-1/2 Adla,D-Shirov,A/GP 1998}) 14. h5 cxd4 15. cxd4 Rac8 (
15... Be8 16. Qxa5 bxa5 $5 17. hxg6 hxg6 18. Bb5 Rab8 19. O-O Nxd4 20. Nxd4
Bxd4 21. Bxe8 {1/2-1/2 Crouch,C-Beaumont,C/It 1998}) 16. Qxa5 Nxa5 17. Bg5 (17.
Rc1 $142 $11 {J.Timman}) 17... f6 18. Bd2 Nc4 19. Bb4 e5 20. hxg6 hxg6 21. dxe5
Nxe5 22. Ba6 Rc2 23. Rd1 $1 (23. f4 Nc6 24. Bc3 Bg4 25. Bc4+ Kf8 26. Rb2 Rxc3
$1 27. Nxc3 f5 28. e5 Nxe5 $1 29. fxe5 Bxe5 $17 30. Rc2 Bxc3+ 31. Kf2 Bd4+ 32.
Kg3 Be5+ 33. Kf2 f4 34. Rh7 Rd1 35. g3 $2 $138 Bd4+ {0-1 Akesson,R-Timman,J/
Malmo 1997}) 23... Re8 24. f4 Nc6 $13 {J.Timman}) 13... Bg4 $1 {[%cal Gg4e2]}
14. Rb5 (14. d5 $2 Bxe2 15. Kxe2 Bxc3 {[%cal Yc6d4]}) 14... Qa4 15. dxc5 (15.
d5 $2 c4 $1) 15... Rfd8 {[%cal Gd8d1] Black has obtained excellent counterplay
for the missing pawn. He is ahead in development and presses along the d- and
c-files.} 16. cxb6 axb6 17. Rxb6 Qxa2 18. Nc1 Qxd2+ 19. Bxd2 (19. Kxd2 Na5 20.
Kc2 Rdc8 21. e5 Nc4 $44) 19... Na5 20. Rb4 Rac8 21. e5 f6 22. Rd4 (22. exf6
Bxf6 {[%csl Rc3]}) (22. O-O Nc6 23. Rb7 fxe5) (22. Ra4 Nb3 23. Nxb3 Rxd3 $44 {
^^}) (22. Rd4 fxe5 23. fxe5 Be6 24. O-O Nc6 $11) 1/2-1/2

[Event "Corus"]
[Site "Wijk aan Zee"]
[Date "2006.01.19"]
[Round "5"]
[White "Gelfand, Boris"]
[Black "Van Wely, Loek"]
[Result "1/2-1/2"]
[WhiteElo "2723"]
[BlackElo "2647"]
[Annotator "Krasenkow,M"]
[PlyCount "51"]
[EventDate "2006.01.14"]
[EventType "tourn"]
[EventRounds "13"]
[EventCountry "NED"]
[EventCategory "19"]
[SourceTitle "CBM 111"]
[Source "ChessBase"]
[SourceDate "2006.04.04"]
[SourceVersion "1"]
[SourceVersionDate "2006.04.04"]
[SourceQuality "1"]

1. d4 Nf6 2. Nf3 g6 3. c4 Bg7 4. Nc3 d5 5. cxd5 Nxd5 6. e4 Nxc3 7. bxc3 c5 8.
Rb1 O-O 9. Be2 cxd4 10. cxd4 Qa5+ 11. Bd2 Qxa2 12. O-O Bg4 13. Be3 {The
following line was examined in CBM91:} (13. Bg5 h6 14. Be3 Nc6 15. d5 Na5 16.
Bc5 b6 17. Bxe7 Rfe8 {etc...}) 13... Nc6 14. d5 Na5 15. Bg5 b6 $5 $146 {
Formally a "novelty" but the idea is already known - see above!} (15... Qa3 {
is the "normal" move.}) 16. Bxe7 {This is not forced now but what to do
instead?} Rfe8 17. d6 Nc6 18. Bb5 Nxe7 {[%mdl 512]} 19. Bxe8 Rxe8 20. dxe7 Qa3
{The same position (with the pawn on h6) arose in Bunzmann-Van Wely (see CBM82)
.} 21. h3 Bxf3 (21... Be6 {is also possible.}) 22. Qxf3 Qxf3 23. gxf3 Rxe7 $11
{The endgame is quite satisfactory for Black.} 24. Rfd1 Be5 25. Kf1 Kg7 26. Ke2
{Neither side wanted to take a risk.} 1/2-1/2

[Event "EU-ch 2nd"]
[Site "Ohrid"]
[Date "2001.06.05"]
[Round "5"]
[White "Krasenkow, Michal"]
[Black "Mikhalevski, Victor"]
[Result "1-0"]
[WhiteElo "2655"]
[BlackElo "2523"]
[Annotator "Krasenkow,M"]
[PlyCount "69"]
[EventDate "2001.06.01"]
[EventType "swiss"]
[EventRounds "13"]
[EventCountry "YUG"]
[SourceTitle "CBM 084"]
[Source "ChessBase"]
[SourceDate "2001.09.13"]
[SourceVersion "1"]
[SourceVersionDate "2001.09.13"]
[SourceQuality "1"]

1. Nf3 Nf6 2. c4 c5 3. Nc3 d5 4. cxd5 Nxd5 5. d4 Nxc3 6. bxc3 g6 7. e4 Bg7 8.
Rb1 O-O 9. Be2 b6 10. O-O Bb7 11. d5 $5 {This interesting pawn sacrifice was
introduced by A.Beliavsky.} (11. Qd3 {was examined several times in previous
CBMs.}) 11... Bxc3 12. Bc4 (12. Bg5 $5 {deserves attention, too. There has
been only one example so far:} Bg7 13. Qb3 Kh8 14. Rbd1 f6 15. Bf4 Nd7 16. Rfe1
Qc8 17. h4 Ba6 18. Bc4 Bxc4 19. Qxc4 h6 20. Bg3 a6 21. a4 Ne5 22. Nxe5 fxe5 23.
d6 Qd7 24. dxe7 Qxe7 25. Rd5 $44 {1-0 Ripari,M-Recoulat,E/Buenos Aires 1999/
EXT 2001 (32)}) 12... Nd7 {Perhaps it makes more sense for Black to keep the
possibility ...Bb7-a6, playing} (12... Bg7 {Here are some examples:} 13. Qd3 (
13. Bf4 Ba6 14. Qe2 Qc8 15. e5 Bxc4 16. Qxc4 e6 17. d6 Nc6 18. Rbd1 Qd7 19.
Rfe1 Rae8 20. Bg5 f6 21. exf6 {1/2-1/2 Gelfand,B-Mikhalchishin,A/Portoroz SLO
2001/The Week in Chess 348 (21)}) (13. Qe2 Qc8 $132) 13... Qc8 (13... Qc7 $6
14. Bg5 Bf6 15. Rbd1 Bxg5 16. Nxg5 Qc8 17. f4 Ba6 18. Bxa6 Nxa6 19. f5 h6 20.
Nh3 Kh7 21. fxg6+ {1-0 Papenin,N-Ermolaev,A/Kiev 2000/CBM 79 ext (21)}) 14. Bg5
Re8 15. e5 Ba6 16. Rbd1 $1 Bxc4 17. Qxc4 Qa6 (17... Nd7 $5 {Haba,P}) 18. Qh4
Qb7 (18... Qxa2 $5 19. Bxe7 Nd7 20. Rfe1 $44 {Haba,P}) 19. Bh6 $1 Nd7 20. e6
fxe6 21. Ng5 $1 Nf8 22. dxe6 Bxh6 23. Qxh6 Red8 24. f4 Rxd1 25. Rxd1 c4 26. f5
gxf5 27. Qh5 $44 {0-1 Haba,P-Banas,J/Osterreich 71/488 1997/Inf 71/[Haba,P] 
(43)}) 13. Bf4 Bg7 14. Re1 Nf6 (14... Qc8 15. Qd3) 15. Qb3 $5 {[%mdl 8] A new
plan in this position. White doesn't waste time for h2-h3 as 15...Nh5 is not
very useful for Black. The main idea of the text move is to prevent Black's
manoeuvre ...Nf6-e8-c7 (/\ ...b5) and if d6 then ...Ne6.} (15. h3 Ne8 16. a4 (
16. e5 Nc7 17. d6 exd6 18. exd6 Ne6 19. Bxe6 fxe6 $17) 16... Nd6 17. Ba2 Rc8
18. e5 Nf5 19. Bc4 Kh8 $1 (19... Nd4 $6 20. Nxd4 cxd4 21. Qxd4 Qd7 $6 (21...
Rc5 22. Rbd1 Qa8 $13 {Beliavsky,A}) 22. Bb3 Rfd8 23. Rbd1 Rc5 24. Bd2 a5 25.
Bc1 {[%csl Rb6][%cal Rc1a3]} Qc7 26. Ba3 Rc3 27. Rc1 Rxc1 28. Rxc1 Qxe5 29.
Qxb6 Rd7 30. Qxa5 $18 {Beliavsky,A-Ruck,R/HUN-chT/Ajka 1997/1-0 (37)}) 20. g4
Nd4 21. Nxd4 cxd4 22. Qxd4 Qd7 23. Ba2 Rc5 24. Bd2 Rd8 25. Bb4 Rc7 26. d6 (26.
Red1 $1 $15 {Ruck,R}) 26... exd6 27. Bxd6 Rc2 28. Bd5 Qxd6 29. exd6 Bxd4 {
0-1 Jagodzinski,A-Ruck,R/Gyula/Inf 72/419 1998/[Ruck,R] (29).}) 15... Ne8 ({
After} 15... Nh5 16. Bd2 {Black's most useful move is} Nf6 {, to which White
can continue} 17. Rbd1 {etc.}) 16. e5 Nc7 ({An attempt to break loose with} 
16... b5 {is not quite successful as White maintains strong pressure:} 17. Qxb5
Bxd5 18. Red1 $1 (18. Bxd5 Nc7 $5) 18... Nc7 (18... e6 19. Bxd5 exd5 (19... Nc7
$2 20. Bxa8) 20. Qxc5 Nc7 21. Qd6 $16) 19. Qxc5 e6 20. Rbc1 $1 $16 {[%csl Rc7]
[%cal Yc4e2]}) 17. d6 exd6 18. exd6 Ne6 19. Bxe6 fxe6 20. Qxe6+ {This is the
main idea behind 15.Qb3!} Kh8 21. Bg5 Bf6 22. Bh6 Bg7 23. Ng5 $6 {This
combination is not quite correct.} (23. Bxg7+ $142 Kxg7 24. Ne5 $1 $16 {
as after} Rf6 25. Qc4 {the d6 pawn is untouchable:} Qxd6 $2 (25... Rxd6 $2 26.
Qf7+) 26. Rbd1) 23... Qf6 $4 {But Black believes his opponent!! The text move
leads to a completely hopeless position; meanwhile, after} (23... Bxh6 24. Nf7+
Rxf7 25. Qxf7 Bc6 26. d7 (26. Re7 {brings nothing after} Qg8 {but Black though
that in that position} 27. Qf6+ {mated!}) 26... Qf8 $1 27. Qxf8+ Rxf8 28. Rbd1
Bg5 $1 ({but not} 28... Rd8 $2 29. Re8+) {White has nothing better than
forcing an endgame with R vs B after} 29. Rd6 Bb5 30. Re8 (30. f4 $6 Bd8 31.
Re8 Kg7) (30. Re4 c4 31. a4 (31. Re5 c3 $1 32. Rxg5 Bxd7 33. Rxd7 c2 34. Rc7
Rd8 $11) 31... Bxa4 32. Rxc4 Bb5 33. Rc8 Bd8 {doesn't give White real chances
to win}) 30... Rxe8 31. dxe8=Q+ Bxe8 32. f4 Bxf4 ({or} 32... Bh4 33. g3 Bxg3
34. hxg3 Kg7 35. Rd8 Bf7 36. Rd7 $14) 33. Rd8 Kg7 34. Rxe8 Kh6 $14 {It is not
quite clear whether White can win here.}) 24. Qxf6 Bxf6 25. Bxf8 Rxf8 {The
rest is easy.} 26. Ne6 Rf7 27. Nd8 Rd7 28. Re8+ Kg7 29. Nxb7 Rxb7 30. Rc8 Kh6
31. Rc7 Rb8 32. d7 Rd8 33. Re1 Kg7 34. Re8 Kf7 35. Rxa7 1-0

[Event "Kiev Trudova Ukraina"]
[Site "Kiev"]
[Date "2001.01.21"]
[Round "3"]
[White "Kruppa, Yuri"]
[Black "Shishkin, Vadim"]
[Result "1/2-1/2"]
[WhiteElo "2572"]
[BlackElo "2485"]
[Annotator "Krasenkow,M"]
[PlyCount "40"]
[EventDate "2001.01.19"]
[EventType "tourn"]
[EventRounds "10"]
[EventCountry "UKR"]
[EventCategory "11"]
[SourceTitle "CBM 082"]
[Source "ChessBase"]
[SourceDate "2001.05.17"]
[SourceVersion "1"]
[SourceVersionDate "2001.05.17"]
[SourceQuality "1"]

1. d4 Nf6 2. c4 g6 3. Nc3 d5 4. cxd5 Nxd5 5. e4 Nxc3 6. bxc3 Bg7 7. Nf3 c5 8.
h3 O-O 9. Be2 b6 {A logical move making White's h2-h3 senseless.} 10. Be3 Bb7
11. Qd3 cxd4 12. cxd4 Nc6 (12... Nd7 $6 13. O-O Nf6 14. Nd2 Qd7 15. a4 a5 16.
Qb1 e6 17. Bd3 Ba6 18. Bxa6 Rxa6 19. Rc1 Rb8 20. Qd3 Raa8 21. Nc4 Qb7 22. Nd6
Qd7 23. Nb5 $14 {0-1 Savchenko,S-Conquest,S/Torshavn 2000/CBM 78 ext (61)}) (
12... Ba6 $5 13. Qa3 Bxe2 14. Kxe2 Nc6 15. Rhd1 Na5 16. Rac1 Qd7 (16... f5 $1
$13) 17. Bd2 Nc6 18. d5 Nd4+ 19. Nxd4 Bxd4 20. Bb4 Bf6 21. Rc6 Rfc8 22. Rdc1
$16 {1-0 Prizant,J-Kalichkin,I/Tula 2000/EXT 2001 (66)}) 13. O-O e6 14. Rad1 (
14. Rfd1 $142 $5 Qd6 15. Rab1 Rac8 16. Bg5 e5 17. d5 Nd4 18. Nxd4 exd4 19. Bd2
f5 $6 (19... Rfe8 $5) 20. exf5 (20. Bb4 fxe4 21. Qxe4 Rf4 $1) 20... Rxf5 21.
Bg4 Qxd5 22. f3 Re5 23. Bxc8 Bxc8 24. Rbc1 Bf5 25. Qa6 d3 26. Re1 Qd4+ 27. Kh1
Qf2 $2 28. Qc4+ Kh8 29. Rxe5 Bxe5 30. Qf7 {1-0 Lalic,B-Karr,J/Cappelle la
Grande FRA 2001 (30)}) 14... Qd6 15. Qb5 {A strange manoeuvre but after} (15.
Rfe1 {White has no advantage whatsoever.}) 15... Rfd8 16. Qg5 h6 17. Qg4 Qb4
18. Qh4 Qe7 19. Qg4 Qb4 20. Qh4 Qe7 1/2-1/2